000 00649nam#a22002415a#4500
001 2187
008 140307s2012####ag############000#0#und#d
245 1 0 _aLa tierra de las papas /
_cPaloma Bordons ; dirigido por Lidia Mazzalomo.
250 _a1ª edic., 3ª reimp.
260 _aBuenos Aires :
_bEdiciones SM,
_c2012.
300 _a136 p. :
_bil. ;
_c12 cm.
490 0 _aEl barco de vapor
020 _a9789875733350
100 1 _aBordons, Paloma.
080 _a82-311.2
084 _aG 23
653 _aNovela
653 _aNarrativa Argentina
040 _aAR-ClEAG
_cAR-ClEAG
005 20241107184736.0
003 AR-ClEAG
942 _cBK
999 _c2187
_d2187
980 _62
_aEvangelina Gallicchio
_82
_gEvangelina Gallicchio